Tzv. Islamský štát a jeho vzťah k medzinárodnému právu bakalárska práca
Guardado en:
| Autor principal: | |
|---|---|
| Autor Corporativo: | |
| Otros Autores: | |
| Formato: | Libro |
| Lenguaje: | eslovaco |
| Publicado: |
Bratislava
2016
|
| Etiquetas: |
Sin Etiquetas, Sea el primero en etiquetar este registro!
|
MARC
| LEADER | 00000nbm a2200000 4500 | ||
|---|---|---|---|
| 001 | 0221487 | ||
| 005 | 20170131122438.9 | ||
| 041 | 0 | |a slo | |
| 044 | |a SK | ||
| 245 | 1 | 0 | |a Tzv. Islamský štát a jeho vzťah k medzinárodnému právu |b bakalárska práca |c Kristína Jágerská ; školiteľ: Klaudia Pyteľová |
| 264 | 1 | |a Bratislava |c 2016 | |
| 300 | |a 45 s. | ||
| 100 | 1 | |a Jágerská, Kristína | |
| 700 | 1 | |a Pyteľová, Klaudia, 1985- | |
| 710 | 2 | |a Fakulta medzinárodných vzťahov EU. Katedra medzinárodného práva | |